000 00473nam a2200157 a 4500
001 000031241
005 20200930062809.0
008 110615s1960 dr c 000 p spa d
040 _aDO-SdBNP
_bspa
_cBNPHU
082 _axxx
_bP438c
100 1 _aPérez, José Manuel
_957712
245 1 0 _aCenizas de otoño /
_cJosé Manuel Pérez.
260 _aCiudad Trujillo, República Dominicana :
_bImprenta Benemerita,
_c1960.
300 _a43 p. :
_bretr. ;
_c20 cm.
049 _aBNPD
999 _c30733
_d30733